[Event "It (open) (b)"]
[Site "masterchessopen.com Polanica Zdroj (Poland)"]
[Date "2007.08.17"]
[Round "1"]
[White "Tymcio Mariusz (POL)"]
[Black "Mondrzycki Bartlomiej (POL)"]
[Result "0-1"]
[WhiteElo "1684"]
[BlackElo "1977"]

1.d4 d5 2.c4 c6 3.Nc3 Nf6 4.Nf3 e6 5.Bg5 dxc4 6.e4 b5 7.e5 h6 8.Bh4 g5 9.Bxg5
hxg5 10.exf6 Qxf6 11.Be2 Nd7 12.O-O g4 13.Ne4 Qh6 {#R} 0-1

[Event "It \"]
[Site "masterchessopen.com Kuala Lumpur (Malaysia)"]
[Date "2007.08.22"]
[Round "6"]
[White "Abang Mohd Reduan (MAS)"]
[Black "Lim Yee-Weng (MAS)"]
[Result "0-1"]
[WhiteElo "2136"]
[BlackElo "2336"]

1.d4 d5 2.Nf3 Nf6 3.c4 c6 4.Nc3 e6 5.Bg5 dxc4 6.a4 b5 7.Bxf6 gxf6 8.g3 Qb6
9.Bg2 Bb7 10.O-O a6 11.e4 Bb4 12.Nh4 Nd7 13.Na2 Be7 14.d5 O-O-O 15.axb5 cxb5
16.b3 Ne5 17.bxc4 Nxc4 18.Qh5 Ne5 19.Kh1 Kb8 20.f4 Ng6 21.Rfd1 f5 22.Nxf5 exf5
23.Qxf5 h5 24.Qxf7 h4 25.h3 hxg3 26.f5 Qf2 {#R} 0-1

[Event "It (open)"]
[Site "masterchessopen.com Goch (Germany)"]
[Date "2007.10.06"]
[Round "4"]
[White "Welzel Philipp (GER)"]
[Black "Heinert Eugen (GER)"]
[Result "0-1"]
[WhiteElo "1932"]
[BlackElo "2100"]

1.d4 e6 2.c4 d5 3.Nc3 c6 4.Nf3 Nf6 5.Bg5 dxc4 6.e4 b5 7.e5 h6 8.Bh4 g5 9.Nxg5
hxg5 10.Bxg5 Nbd7 11.g3 Qb6 12.exf6 Bb7 13.Bg2 O-O-O 14.O-O Ne5 15.Be3 c5
16.d5 Nd3 17.Qg4 Ne5 18.Qe4 Nd7 19.Bf4 b4 20.Rab1 Qa6 21.Rfd1 bxc3 22.bxc3 Nb6
23.h4 Bxd5 24.Rxd5 Nxd5 25.Qe5 Bd6 26.Rb8+ Bxb8 {#R} 0-1

[Event "Bayern Regionalliga Northeast 2007/08"]
[Site "masterchessopen.com Bayern (Germany)"]
[Date "2007.10.21"]
[Round "1"]
[White "Seidl Juergen (GER)"]
[Black "Petzold Vinzenz (GER)"]
[Result "1-0"]
[WhiteElo "2196"]
[BlackElo "2033"]

1.d4 d5 2.c4 c6 3.Nf3 Nf6 4.Nc3 e6 5.Bg5 dxc4 6.g3 Bb4 7.Bg2 Qa5 8.O-O Nbd7
9.Qc2 O-O 10.e4 Bxc3 11.bxc3 e5 12.Bxf6 Nxf6 13.Nxe5 Be6 14.Rae1 Nd7 15.Nf3
Qh5 16.Nh4 Nf6 17.f4 Rfe8 18.f5 Bd7 19.Nf3 b5 20.Ne5 Rad8 21.Rf4 Qh6 22.Rh4
Nh5 23.Qf2 c5 24.g4 {#r} 1-0

[Event "Bayern Regionalliga Southwest 2007/08"]
[Site "masterchessopen.com Bayern (Germany)"]
[Date "2007.10.21"]
[Round "1"]
[White "Wiechmann Gernot"]
[Black "Zellweger Wilfried (GER)"]
[Result "0-1"]
[WhiteElo "1988"]
[BlackElo "2125"]

1.d4 d5 2.c4 c6 3.Nc3 Nf6 4.Nf3 e6 5.Bg5 dxc4 6.e4 b5 7.e5 h6 8.Bh4 g5 9.Nxg5
hxg5 10.Bxg5 Nbd7 11.g3 Qb6 12.exf6 Bb7 13.Bg2 c5 14.Bxb7 Qxb7 15.O-O O-O-O
16.a4 b4 17.Ne2 Ne5 18.f4 Nf3+ 19.Rxf3 Qxf3 20.Qc2 Qd5 21.Rc1 cxd4 22.Qxc4+
Qxc4 23.Rxc4+ Kb7 24.Nxd4 Rxd4 {#R} 0-1

[Event "Ch World (juniors) (under 14)"]
[Site "masterchessopen.com Kemer (Turkey)"]
[Date "2007.11.22"]
[Round "6"]
[White "Graf Felix (GER)"]
[Black "Andreev Sasho (BUL)"]
[Result "0-1"]
[WhiteElo "2241"]
[BlackElo "1983"]

1.d4 d5 2.c4 c6 3.Nf3 Nf6 4.Nc3 e6 5.Bg5 dxc4 6.e4 b5 7.e5 h6 8.Bh4 g5 9.exf6
gxh4 10.Ne5 Qxf6 11.a4 h3 12.axb5 cxb5 13.Nxb5 Bb4+ 14.Ke2 Kf8 15.Nc7 Bb7
16.Nxa8 hxg2 17.Bxg2 Bxg2 18.Rxa7 Qh4 19.f3 Be7 20.Rb7 Bxf3+ 21.Kxf3 Qh3+ {#R}
0-1

[Event "Ch World (juniors) (under 14)"]
[Site "masterchessopen.com Kemer (Turkey)"]
[Date "2007.11.24"]
[Round "7"]
[White "Pascua Haridas (PHI)"]
[Black "Mehar Chinna Reddy C H (IND)"]
[Result "1-0"]
[WhiteElo "2177"]
[BlackElo "2246"]

1.d4 d5 2.c4 c6 3.Nc3 Nf6 4.Nf3 e6 5.Bg5 dxc4 6.e4 b5 7.e5 h6 8.Bh4 g5 9.exf6
gxh4 10.Ne5 Qxf6 11.g3 Nd7 12.Qe2 Bb7 13.Bg2 Bg7 14.Nxc6 O-O 15.Ne4 {#r} 1-0

[Event "Cup Belgrade (open)"]
[Site "masterchessopen.com Obrenovac (Yugoslavia)"]
[Date "2007.11.26"]
[Round "5"]
[White "Perez Aleman Pedro Tomas (ESP)"]
[Black "Galic Ivan (CRO)"]
[Result "1-0"]
[WhiteElo "2110"]
[BlackElo "2255"]

1.Nf3 d5 2.d4 Nf6 3.c4 c6 4.Nc3 e6 5.Bg5 dxc4 6.e4 b5 7.e5 h6 8.Bh4 g5 9.Nxg5
hxg5 10.Bxg5 Nbd7 11.g3 Rg8 12.Bxf6 Nxf6 13.exf6 Bb7 14.Bg2 Qb6 15.O-O O-O-O
16.Ne2 e5 17.Qc2 exd4 18.Qh7 d3 19.Qxg8 dxe2 {#r} 1-0

[Event "Ch Slovenia (team)"]
[Site "masterchessopen.com Murska Sobota (Slovenia)"]
[Date "2007.12.09"]
[Round "1"]
[White "Podkriznik Gregor (SLO)"]
[Black "Guid Matej (SLO)"]
[Result "1-0"]
[WhiteElo "2370"]
[BlackElo "2310"]

1.d4 d5 2.Nf3 c6 3.c4 Nf6 4.Nc3 e6 5.Bg5 dxc4 6.e4 b5 7.a4 Bb4 8.e5 h6 9.exf6
hxg5 10.fxg7 Rg8 11.h4 gxh4 12.Rxh4 Qf6 13.g3 Nd7 14.Bg2 Bb7 15.Kf1 Bxc3
16.bxc3 a6 17.Ne5 Qxg7 18.axb5 Nxe5 19.dxe5 Rd8 20.Rd4 Rxd4 21.Qxd4 axb5
22.Ra7 Qg5 23.Rxb7 Qc1+ 24.Ke2 {#r} 1-0

[Event "It (open)"]
[Site "masterchessopen.com Pavlodar (Kazakhstan)"]
[Date "2007.12.21"]
[Round "8"]
[White "Grebenshikov V (KAZ)"]
[Black "Ospanov Nazar (KAZ)"]
[Result "1-0"]
[WhiteElo "2307"]
[BlackElo "2130"]

1.d4 d5 2.c4 c6 3.Nc3 Nf6 4.Nf3 e6 5.Bg5 dxc4 6.e4 b5 7.e5 h6 8.Bh4 g5 9.Nxg5
hxg5 10.Bxg5 Nbd7 11.exf6 Bb7 12.g3 Qa5 13.Bg2 O-O-O 14.O-O Nc5 15.Be3 Nd3
16.Qc2 b4 17.Ne4 Ba6 18.Rfd1 Qb5 19.b3 Kb7 20.Nd2 c3 21.Nc4 Nb2 22.Nxb2 cxb2
23.Qxb2 Qh5 24.h3 Be2 25.g4 Bxg4 26.hxg4 Qxg4 {#r} 1-0

[Event "It (open)"]
[Site "masterchessopen.com Manizales (Colombia)"]
[Date "2008.01.13"]
[Round "6"]
[White "Rendon Rodolfo Alberto"]
[Black "Guerra Miguel"]
[Result "1-0"]
[WhiteElo "1638"]
[BlackElo "1750"]

1.d4 d5 2.c4 c6 3.Nf3 Nf6 4.Nc3 dxc4 5.Bg5 e6 6.e4 Be7 7.Bxc4 O-O 8.O-O b5
9.Bd3 Bb7 10.Qc2 Ne8 11.Bxe7 Qxe7 12.Rfe1 a6 13.Rad1 g6 14.e5 c5 15.Be4 cxd4
16.Bxb7 Qxb7 17.Rxd4 Nd7 18.Rh4 Ng7 {#r} 1-0

[Event "It (open) (b)"]
[Site "masterchessopen.com Moscow (Russia)"]
[Date "2008.02.07"]
[Round "6"]
[White "Ibragimov Azat (RUS)"]
[Black "Rekunov Evgeni (RUS)"]
[Result "0-1"]
[WhiteElo "1966"]
[BlackElo "2087"]

1.d4 d5 2.c4 e6 3.Nf3 Nf6 4.Nc3 c6 5.Bg5 dxc4 6.a4 Bb4 7.Bxf6 gxf6 8.e3 b5
9.Nd2 Bb7 10.axb5 Bxc3 11.bxc3 cxb5 12.Qb1 Qb6 13.Ne4 Nd7 14.Be2 f5 15.Nd2
Bxg2 16.Rg1 Bb7 17.e4 fxe4 18.Nxe4 O-O-O 19.Ra2 f5 20.Ng5 Rhg8 21.Rb2 Be4
22.Ra2 Kb7 23.Kf1 h6 24.Nf7 Rxg1+ 25.Kxg1 {#R} 0-1

[Event "It (open)"]
[Site "masterchessopen.com Gora Sw. Anny (Poland)"]
[Date "2008.02.24"]
[Round "9"]
[White "Pipala Janusz (POL)"]
[Black "Lizak Jacek (POL)"]
[Result "1-0"]
[WhiteElo "2086"]
[BlackElo "1863"]

1.Nf3 e6 2.c4 c6 3.Nc3 d5 4.d4 Nf6 5.Bg5 dxc4 6.e4 b5 7.Be2 Bb4 8.e5 h6 9.exf6
hxg5 10.fxg7 Rg8 11.h4 gxh4 12.Rxh4 Rxg7 13.Rh8+ Bf8 14.Ne4 Nd7 15.Qd2 Rxg2
16.Nd6+ Ke7 17.Qf4 Nf6 18.Nxf7 Qd5 19.Rxf8 Kxf8 20.Qxf6 Qh5 21.Nh6+ Ke8
22.Qh8+ Kd7 23.Ne5+ Qxe5 24.dxe5 Rg1+ 25.Bf1 c5 26.O-O-O+ {#r} 1-0

[Event "Ch Schleswig Holstein (seniors)"]
[Site "masterchessopen.com Gross Groenau (Germany)"]
[Date "2008.03.17"]
[Round "4"]
[White "Mentlein DrProf Horst"]
[Black "Seeck Klaus (GER)"]
[Result "1-0"]
[WhiteElo "1934"]
[BlackElo "2150"]

1.c4 e6 2.Nc3 d5 3.d4 Nf6 4.Nf3 c6 5.Bg5 dxc4 6.a4 Bb4 7.e4 b5 8.e5 h6 9.exf6
hxg5 10.fxg7 Rg8 11.g3 Bb7 12.Bg2 Nd7 13.h4 gxh4 14.Rxh4 Qf6 15.Nd2 O-O-O
16.axb5 cxb5 17.Bxb7+ Kxb7 18.Rf4 Qxg7 19.Nxb5 a6 20.Qf3+ Kb6 21.Nc3 f5
22.Nxc4+ Ka7 23.Qc6 Nc5 24.dxc5 Bxc3+ 25.Kf1 a5 26.bxc3 {#r} 1-0

[Event "It (open)"]
[Site "masterchessopen.com Oberhausen (Germany)"]
[Date "2008.03.21"]
[Round "2"]
[White "Henrichs Thomas (GER)"]
[Black "Ackermann Frank (GER)"]
[Result "1-0"]
[WhiteElo "2485"]
[BlackElo "2067"]

1.d4 d5 2.c4 c6 3.Nf3 Nf6 4.Nc3 e6 5.Bg5 dxc4 6.e4 b5 7.e5 h6 8.Bh4 g5 9.Nxg5
hxg5 10.Bxg5 Nbd7 11.exf6 Bb7 12.g3 c5 13.d5 Qb6 14.Bg2 O-O-O 15.O-O b4 16.Rb1
Qa6 17.dxe6 Bxg2 18.e7 Bxf1 19.Qd5 Bxe7 20.fxe7 Rdg8 21.Ne4 Bd3 22.Nd6+ Qxd6
23.Qxd6 Rg6 24.Qd5 Rxg5 25.Qc6+ {#r} 1-0

[Event "It (open) \"]
[Site "masterchessopen.com St. Petersburg (Russia)"]
[Date "2008.03.29"]
[Round "8"]
[White "Zubaidullin Rustam (RUS)"]
[Black "Yudin Maksim (RUS)"]
[Result "0-1"]
[WhiteElo "1800"]
[BlackElo "2100"]

1.c4 e6 2.d4 d5 3.Nc3 c6 4.Nf3 Nf6 5.Bg5 dxc4 6.e3 b5 7.Be2 Be7 8.O-O Bb7 9.a4
a6 10.Ne5 Nbd7 11.f4 O-O 12.Rf3 Nd5 13.Bxe7 Qxe7 14.Rh3 f5 15.Bh5 Nxe5 16.fxe5
Rad8 17.Qd2 Qb4 18.Qc2 c5 19.axb5 axb5 20.Ra7 Rd7 21.g4 Nxc3 22.gxf5 Be4 {#R}
0-1

[Event "It (b)"]
[Site "masterchessopen.com Coulsdon (England)"]
[Date "2008.04.09"]
[Round "4"]
[White "Gibson Christopher (ENG)"]
[Black "Marchant Geoffrey (ENG)"]
[Result "0-1"]
[WhiteElo "1949"]
[BlackElo "1861"]

1.d4 d5 2.c4 c6 3.Nf3 e6 4.Nc3 Nf6 5.Bg5 dxc4 6.e4 b5 7.e5 h6 8.Bh4 g5 9.Nxg5
hxg5 10.Bxg5 Nbd7 11.exf6 Bb7 12.g3 c5 13.d5 Nxf6 14.Bg2 Be7 15.O-O Nxd5
16.Bxe7 Kxe7 17.Nxb5 Qb6 18.Nc3 Nxc3 19.bxc3 Bxg2 20.Kxg2 Qb7+ 21.Kg1 Rxh2
{#R} 0-1

[Event "It \"]
[Site "masterchessopen.com Moscow (Russia)"]
[Date "2008.05.18"]
[Round "9"]
[White "Bagirov Rufat (AZE)"]
[Black "Pechnikov Artiom (RUS)"]
[Result "1-0"]
[WhiteElo "2486"]
[BlackElo "2267"]

1.d4 Nf6 2.Nf3 d5 3.c4 e6 4.Nc3 c6 5.Bg5 dxc4 6.e4 b5 7.e5 h6 8.Bh4 g5 9.Nxg5
hxg5 10.Bxg5 Nbd7 11.g3 Bb7 12.exf6 Qc7 13.Bg2 O-O-O 14.O-O Bh6 15.Bxh6 Rxh6
16.a4 b4 17.Ne4 c5 18.dxc5 Nxc5 19.Qe2 Rdh8 20.h4 Rg8 21.Rac1 Bxe4 22.Qxc4 Rh5
23.Bxe4 Rg4 24.Bb7+ {#r} 1-0

[Event "Ch Region (open)"]
[Site "masterchessopen.com Saratov (Russia)"]
[Round "2"]
[White "Golovchanskaya Alina (RUS)"]
[Black "Tropin Aleksandr (RUS)"]
[Result "0-1"]
[WhiteElo "1562"]
[BlackElo "1983"]

1.d4 d5 2.c4 c6 3.Nf3 Nf6 4.Nc3 e6 5.Bg5 dxc4 6.e3 b5 7.a4 Bb4 8.e4 Bxc3+
9.bxc3 Qa5 10.e5 Ne4 11.Bd2 Nxd2 12.Qxd2 O-O 13.Qb2 Qb6 14.axb5 cxb5 15.Bxc4
a6 16.Bxb5 Bb7 17.c4 axb5 18.Rxa8 Bxa8 19.Qxb5 Qxb5 20.cxb5 Bxf3 21.gxf3 Nd7
{#R} 0-1

[Event "Ch ASEAN (juniors) (under 18)"]
[Site "masterchessopen.com Danang (Vietnam)"]
[Date "2008.06.11"]
[Round "4"]
[White "Nguyen Manh Truong (VIE)"]
[Black "Hj Azahari Md Nur Arrifin (BRU)"]
[Result "0-1"]
[WhiteElo "2187"]
[BlackElo "2004"]

1.d4 d5 2.c4 c6 3.Nf3 Nf6 4.Nc3 e6 5.Bg5 dxc4 6.e4 b5 7.e5 h6 8.Bh4 g5 9.Nxg5
hxg5 10.Bxg5 Nbd7 11.exf6 Bb7 12.g3 c5 13.d5 Nxf6 14.Bg2 Be7 15.O-O Nxd5
16.Bxe7 Kxe7 17.Nxb5 Qb6 18.Nc3 Nxc3 19.bxc3 Bxg2 20.Kxg2 Qb7+ 21.Kg1 Rxh2
22.f3 Qb2 {#R} 0-1

[Event "Ch ASEAN (juniors) (under 18)"]
[Site "masterchessopen.com Danang (Vietnam)"]
[Date "2008.06.14"]
[Round "9"]
[White "Wiwatanadate Poompong (THA)"]
[Black "Sabli Mohd Arif Afifi (BRU)"]
[Result "1-0"]
[WhiteElo "1992"]
[BlackElo "2009"]

1.d4 d5 2.c4 c6 3.Nf3 Nf6 4.Nc3 e6 5.Bg5 dxc4 6.e4 b5 7.e5 h6 8.Bh4 g5 9.Nxg5
hxg5 10.Bxg5 Nbd7 11.g3 Bb7 12.Bg2 Be7 13.exf6 Nxf6 14.Nxb5 Nd5 15.Bxe7 Kxe7
16.Nc3 Nxc3 17.bxc3 Qd7 18.Qa4 Rh5 19.Rb1 Rb5 20.O-O a6 21.Qxc4 Rh8 22.h4 Rg8
23.a4 Rh5 24.Qb4+ Kf6 25.Qxb7 Qd6 26.Qxc6 {#r} 1-0

[Event "It (open) \"]
[Site "masterchessopen.com Agios Kirykos (Greece)"]
[Date "2008.07.19"]
[Round "8"]
[White "Srebrnic Ana (SLO)"]
[Black "Henrichs Thomas (GER)"]
[Result "0-1"]
[WhiteElo "2290"]
[BlackElo "2485"]

1.Nf3 d5 2.d4 c6 3.c4 e6 4.Nc3 dxc4 5.Bg5 Nf6 6.e4 b5 7.e5 h6 8.Bh4 g5 9.Nxg5
hxg5 10.Bxg5 Nbd7 11.exf6 Bb7 12.g3 c5 13.d5 Nxf6 14.Bg2 Be7 15.O-O Nxd5
16.Bxe7 Kxe7 17.Nxb5 Qb6 18.Nc3 Nxc3 19.bxc3 Bxg2 20.Kxg2 Qb7+ 21.f3 Qb2+ {#R}
0-1

[Event "Ch Austria"]
[Site "masterchessopen.com Leoben (Austria)"]
[Date "2008.07.19"]
[Round "1"]
[White "Pachta Paul (AUT)"]
[Black "Ragger Markus (AUT)"]
[Result "0-1"]
[WhiteElo "2279"]
[BlackElo "2518"]

1.d4 Nf6 2.c4 e6 3.Nf3 d5 4.Nc3 c6 5.Bg5 dxc4 6.a4 Bb4 7.e4 c5 8.Bxc4 cxd4
9.Nxd4 h6 10.Bxf6 Qxf6 11.O-O O-O 12.Nde2 Nc6 13.Qb3 Bc5 14.a5 a6 15.Kh1 Qd8
16.Qc2 Nxa5 17.Ba2 Nc6 18.Rad1 Qh4 19.Bb1 Ne5 {#R} 0-1

[Event "It (open)"]
[Site "masterchessopen.com Avoine (France)"]
[Date "2008.07.26"]
[Round "8"]
[White "Lombart Philippe (BEL)"]
[Black "Wunderman Xavier (FRA)"]
[Result "0-1"]
[WhiteElo "1993"]
[BlackElo "2164"]

1.d4 d5 2.c4 e6 3.Nc3 c6 4.Nf3 Nf6 5.Bg5 dxc4 6.e4 b5 7.e5 h6 8.Bh4 g5 9.Nxg5
hxg5 10.Bxg5 Nbd7 11.exf6 Qa5 12.Bd2 b4 13.Na4 Qd5 14.Rc1 Ba6 15.Be3 Bb5
16.Nc5 Nxc5 17.dxc5 O-O-O 18.Qg4 Bh6 19.Bxc4 Bxc4 20.Qxc4 Qxg2 21.Bxh6 Rxh6
22.Rf1 Rh5 23.Rc2 Re5+ 24.Re2 Red5 {#R} 0-1

[Event "It (open) \"]
[Site "masterchessopen.com Medellin (Colombia)"]
[Date "2008.08.10"]
[Round "8"]
[White "Guerrero Juan Carlos (COL)"]
[Black "Echavarria Johann (COL)"]
[Result "0-1"]
[WhiteElo "2198"]
[BlackElo "2376"]

1.d4 d5 2.c4 c6 3.Nc3 Nf6 4.Nf3 e6 5.Bg5 dxc4 6.e4 b5 7.e5 h6 8.Bh4 g5 9.Nxg5
hxg5 10.Bxg5 Nbd7 11.exf6 Bb7 12.g3 Qc7 13.Bg2 c5 14.d5 b4 15.Nb5 Qb6 16.dxe6
Qxe6+ 17.Kf1 O-O-O 18.Qa4 Bxg2+ 19.Kxg2 a6 20.Nc3 bxc3 21.bxc3 Ne5 {#R} 0-1

[Event "Tournament (open)"]
[Site "masterchessopen.com Manage (Belgium)"]
[Date "2008.08.21"]
[Round "7"]
[White "Fostiez Pascal (BEL)"]
[Black "Russo Julien (BEL)"]
[Result "0-1"]
[WhiteElo "1963"]
[BlackElo "2109"]

1.d4 d5 2.c4 c6 3.Nc3 Nf6 4.Nf3 e6 5.Bg5 dxc4 6.e3 b5 7.a4 Bb4 8.Nd2 Bb7 9.f3
Nbd7 10.Be2 Qb6 11.Qc1 O-O 12.b3 cxb3 13.Bxf6 Nxf6 14.O-O e5 15.Nxb3 exd4
16.Nxd4 Bc5 17.axb5 Bxd4 18.exd4 Qxd4+ 19.Kh1 Rfc8 20.bxc6 Rxc6 21.Nb5 Qe5
22.Qd2 Re8 23.Rfe1 Ng4 24.fxg4 Rh6 {#R} 0-1

[Event "It (open) (b)"]
[Site "masterchessopen.com Rewal (Poland)"]
[Date "2008.08.28"]
[Round "9"]
[White "Major Boguslaw (POL)"]
[Black "Czaja Roman (POL)"]
[Result "0-1"]
[WhiteElo "1850"]
[BlackElo "2086"]

1.d4 d5 2.c4 e6 3.Nf3 Nf6 4.Nc3 c6 5.Bg5 dxc4 6.e3 b5 7.a4 Bb4 8.axb5 cxb5
9.e4 h6 10.Bxf6 Qxf6 11.g3 Bb7 12.Qe2 Nc6 13.e5 Qd8 14.Rd1 Qa5 15.Qe3 Ne7
16.Ke2 Nf5 17.Qc1 O-O-O 18.d5 Bxc3 19.bxc3 Rxd5 20.Rxd5 Bxd5 21.Bg2 Qa2+
22.Kf1 Rd8 23.g4 Bxf3 24.Bxf3 Rd2 {#R} 0-1

[Event "Memorial V.Krasnoperov"]
[Site "masterchessopen.com Izhevsk (Russia)"]
[Round "8"]
[White "Sakharov Lev (RUS)"]
[Black "Fayzrakhmanov Robert G (RUS)"]
[Result "0-1"]
[WhiteElo "2076"]
[BlackElo "2227"]

1.d4 d5 2.c4 c6 3.Nf3 Nf6 4.Nc3 e6 5.Bg5 dxc4 6.e4 b5 7.e5 h6 8.Bh4 g5 9.Nxg5
hxg5 10.Bxg5 Nbd7 11.g3 Bb7 12.Bg2 Qb6 13.exf6 c5 14.d5 b4 15.O-O O-O-O 16.Na4
Qb5 17.dxe6 Bxg2 18.Kxg2 Qc6+ 19.f3 Qxe6 20.h4 Bh6 21.Re1 Ne5 22.Qc2 Bxg5
23.Nxc5 Qxf6 24.Qe4 Rd2+ 25.Kh3 Qxf3 26.Qxe5 Rxh4# 0-1

[Event "It \"]
[Site "masterchessopen.com Elista (Russia)"]
[Date "2008.09.19"]
[Round "5"]
[White "Utnasunov Alexander (RUS)"]
[Black "Arshaev Ajush (RUS)"]
[Result "1-0"]
[WhiteElo "2461"]
[BlackElo "1567"]

1.d4 d5 2.c4 c6 3.Nc3 Nf6 4.Nf3 e6 5.Bg5 dxc4 6.e4 b5 7.e5 h6 8.Bh4 g5 9.Nxg5
hxg5 10.Bxg5 Nbd7 11.g3 Bb7 12.Bg2 Qb6 13.exf6 O-O-O 14.O-O c5 15.d5 Ne5
16.Qe2 Nd3 17.dxe6 fxe6 18.Bxb7+ Kxb7 19.b3 cxb3 20.axb3 Bh6 21.Bxh6 Rxh6
22.Qe4+ Qc6 23.Rxa7+ {#r} 1-0

[Event "World Mindsports Games (Blitz Team)"]
[Site "masterchessopen.com Beijing (China)"]
[Date "2008.10.13"]
[Round "4"]
[White "Neubauer Martin (AUT)"]
[Black "Lovik Lasse Ostebo (NOR)"]
[Result "1-0"]
[WhiteElo "2422"]
[BlackElo "2167"]

1.d4 d5 2.Nf3 Nf6 3.c4 c6 4.Nc3 e6 5.Bg5 dxc4 6.e4 b5 7.e5 h6 8.Bh4 g5 9.Nxg5
hxg5 10.Bxg5 Nbd7 11.g3 Rg8 12.Bxf6 Nxf6 13.exf6 Qxf6 14.Bg2 Bb4 15.Bxc6+ Ke7
16.Bxa8 Rd8 17.O-O Rxd4 18.Qf3 Qh6 19.Rad1 {#r} 1-0

[Event "Ch Spain \"]
[Site "masterchessopen.com Bilbao (Spain)"]
[Date "2008.11.19"]
[Round "4"]
[White "Gimeno Diaz Fernando (ESP)"]
[Black "Gutierrez Garcia Julio (ESP)"]
[Result "1-0"]
[WhiteElo "1945"]
[BlackElo "1695"]

1.d4 d5 2.Nf3 c6 3.c4 Nf6 4.Nc3 e6 5.Bg5 dxc4 6.a4 h6 7.Bh4 g5 8.Bg3 Bb4 9.e3
Ne4 10.Rc1 Qa5 11.Qc2 Bxc3+ 12.bxc3 Nxg3 13.hxg3 Na6 14.Bxc4 Nc7 15.e4 f6
16.e5 Rf8 17.Qg6+ Ke7 18.Rxh6 fxe5 19.Rh7+ Kd6 20.Qg7 Re8 21.Nxe5 {#r} 1-0

[Event "It (open) \"]
[Site "masterchessopen.com Sunny Beach (Bulgaria)"]
[Date "2008.11.28"]
[Round "1"]
[White "Dobrev Nanko (BUL)"]
[Black "Janev Pavel (BUL)"]
[Result "1-0"]
[WhiteElo "2408"]
[BlackElo "1970"]

1.d4 d5 2.c4 c6 3.Nc3 Nf6 4.Nf3 e6 5.Bg5 dxc4 6.e4 b5 7.e5 h6 8.Bh4 g5 9.Nxg5
hxg5 10.Bxg5 Nbd7 11.exf6 Bb7 12.g3 c5 13.d5 b4 14.dxe6 bxc3 15.Bxc4 Ne5
16.exf7+ {#r} 1-0

[Event "Tournament (Elo)"]
[Site "masterchessopen.com Campinas (Brazil)"]
[Date "2008.12.05"]
[Round "3"]
[White "Fujishima Edson (BRA)"]
[Black "Freire Rodrigo Da Silva (BRA)"]
[Result "0-1"]
[WhiteElo "1809"]
[BlackElo "1997"]

1.d4 d5 2.c4 c6 3.Nc3 Nf6 4.Nf3 e6 5.Bg5 dxc4 6.e3 b5 7.a4 Bb4 8.Be2 h6 9.Bxf6
gxf6 10.O-O a5 11.Ne4 Rg8 12.Rc1 Bb7 13.Ng3 Nd7 14.e4 Bd6 15.axb5 cxb5 16.d5
exd5 17.exd5 Ne5 18.Nd4 Qd7 19.Ndf5 Bf8 20.Qd2 Qxd5 21.Qxd5 Bxd5 22.Nd4 Rb8
23.f4 Bc5 24.Nf5 Rxg2+ {#R} 0-1

[Event "Memorial Pereyra Puebla (cat.4)"]
[Site "masterchessopen.com Mendoza (Argentina)"]
[Date "2008.12.11"]
[Round "8"]
[White "Salguero Francisco (ARG)"]
[Black "Granara Barreto Sebastian A (URU)"]
[Result "1-0"]
[WhiteElo "2336"]
[BlackElo "2260"]

1.Nf3 Nf6 2.c4 c6 3.d4 d5 4.Nc3 e6 5.Bg5 dxc4 6.e4 b5 7.e5 h6 8.Bh4 g5 9.exf6
gxh4 10.Ne5 Qxf6 11.a4 Bb7 12.axb5 cxb5 13.Bxc4 Bd6 14.Bxb5+ Ke7 15.Qe2 Rd8
16.O-O h3 17.Ne4 Qf4 18.Nxd6 hxg2 19.Rfc1 Kxd6 20.Qc4 Rc8 21.Qb4+ Kd5 22.Rc5+
{#r} 1-0

[Event "Ch Region"]
[Site "masterchessopen.com Vladimir (Russia)"]
[Date "2008.12.12"]
[Round "3"]
[White "Kalinin Dmitry (RUS)"]
[Black "Telegin Andrey (RUS)"]
[Result "1-0"]
[WhiteElo "2119"]
[BlackElo "1988"]

1.d4 d5 2.c4 c6 3.Nc3 Nf6 4.Nf3 e6 5.Bg5 dxc4 6.e4 b5 7.e5 h6 8.Bh4 g5 9.Nxg5
Nd5 10.Nxf7 Qxh4 11.Nxh8 Bb4 12.Qd2 c5 13.dxc5 Bxc3 14.bxc3 Qe4+ 15.Be2 Nf4
16.Kd1 Qxg2 17.Qxf4 Qxh1+ 18.Kc2 Qg2 19.Rg1 {#r} 1-0

[Event "Ch France (team) (nat.2) 2008/09"]
[Site "masterchessopen.com France"]
[Date "2008.12.14"]
[Round "4"]
[White "Bleuzen Erwan (FRA)"]
[Black "Bodenez Claire (FRA)"]
[Result "0-1"]
[WhiteElo "2032"]
[BlackElo "2029"]

1.d4 d5 2.c4 c6 3.Nc3 Nf6 4.Nf3 e6 5.Bg5 dxc4 6.a4 Bb4 7.e4 h6 8.Bxf6 Qxf6
9.Bxc4 O-O 10.O-O Nd7 11.e5 Qd8 12.Qe2 Qc7 13.Rad1 b6 14.Qe4 Rb8 15.Na2 Be7
16.Bd3 g6 17.Nc3 Bb7 18.Qf4 Kg7 19.Ne4 c5 20.Nf6 Bxf3 21.gxf3 cxd4 22.Bb5 Qxe5
{#R} 0-1

[Event "It (open) (b)"]
[Site "masterchessopen.com Zurich (Switzerland)"]
[Date "2008.12.30"]
[Round "7"]
[White "Schmidt Maurin (SUI)"]
[Black "Kuenzli Simon (SUI)"]
[Result "0-1"]
[WhiteElo "1917"]
[BlackElo "2022"]

1.d4 d5 2.c4 c6 3.Nf3 Nf6 4.Nc3 e6 5.Bg5 dxc4 6.a4 Bb4 7.e3 b5 8.Qc2 Bb7 9.Be2
Nbd7 10.O-O a6 11.Nd2 O-O 12.b3 Bxc3 13.Qxc3 Nd5 {#R} 0-1

[Event "It \"]
[Site "masterchessopen.com Peterhof (Russia)"]
[Date "2009.01.04"]
[Round "3"]
[White "Duzhakov Ilya (RUS)"]
[Black "Fedoseev Vladimir (RUS)"]
[Result "0-1"]
[WhiteElo "2302"]
[BlackElo "2179"]

1.d4 d5 2.c4 c6 3.Nc3 Nf6 4.Nf3 e6 5.Bg5 dxc4 6.e4 b5 7.e5 h6 8.Bh4 g5 9.Nxg5
hxg5 10.Bxg5 Nbd7 11.g3 Bb7 12.Bg2 Qc7 13.exf6 c5 14.Bf4 Qb6 15.d5 O-O-O
16.Qe2 b4 17.Na4 Qa6 18.dxe6 Bxg2 19.exd7+ Rxd7 20.Rg1 Qc6 21.Rd1 Rxd1+
22.Qxd1 Bf3 23.Qc2 Qd5 24.Qd2 Rh5 25.g4 Qe4+ 26.Be3 Rd5 {#R} 0-1

[Event "It \"]
[Site "masterchessopen.com Villa Ballester (Argentina)"]
[Date "2009.01.23"]
[Round "3"]
[White "Ramirez Carlos (COL)"]
[Black "Semprevivo Florencia (ARG)"]
[Result "0-1"]
[WhiteElo "2268"]
[BlackElo "1874"]

1.Nf3 Nf6 2.c4 e6 3.Nc3 d5 4.d4 c6 5.Bg5 dxc4 6.e3 b5 7.a3 Be7 8.Be2 O-O 9.O-O
Bb7 10.Qc2 Nbd7 11.Rad1 h6 12.Bh4 Nd5 13.Bxe7 Qxe7 14.Ne4 c5 15.Ng3 a6 16.Ne5
N5b6 17.Bg4 Nxe5 18.dxe5 Qg5 19.Qe2 Qxe5 20.f4 Qc7 21.e4 Rad8 22.f5 exf5
23.Bxf5 Rxd1 24.Qxd1 Qe5 25.Qg4 Na4 {#R} 0-1